How to Become Pope - Statistics

General Stats
  • This quiz has been taken 121 times
  • The average score is 5 of 6
Answer Stats
Type Be/become a/the... % Correct
Gender Man
100%
Religion Catholic
99%
Status Cardinal
77%
Status Bishop
70%
Status Priest
70%
Status Pope
56%
No matching quizzes found
Score Distribution
Percent of People with Each Score
Percentile by Number Answered
Your Score History
You have not taken this quiz